00864nam a22002177a 4500003000500000005001700005008004100022010001100063011001100074035001100085040000900096100002900105245019000134260004000324500006000364502008000424650001700504650003500521650002600556856006400582CHAP20220329143919.0170812s2012 mx r 00010 spa d a103669 a104641 a115331 cCHAP1 aMontes Herrera, Victoria10aInfluencia de la variación de corte en madera aserrada en la productividad de la empresa "Servicios especializados forestales, S.A. de C.V.h[En línea]c/por Victoria Montes Herrera aChapingo, Méx. :bEl autor,c2012 aPara ver el contenido del material haga clic en la liga aTesis (Ing. Forestal Industrial) -- UACH. División de Ciencias Forestales04aAserraderos.04aMadera aserradaxProducción.04aProductos forestales. 3Finding aiduhttp://10.13.5.2/tesis/115331.pdfzTeclea aqui